Datum a čas kvízu
33.5
Celkem bodů
Celkový počet nahraných bodů na tomto kvízu bez doplňovacích otázek.
6.
Pořadí na kvízu
Konečné umístění týmu na tomto kvízu.
Zaznamenané odpovědi
| # | Otázka | Odpověď | Body | Výsledky |
|---|---|---|---|---|
| 1. | Automobilka Škoda v minulém tý... | Laurin & Klement Kampus | 1 | |
| 2. | Papež František schválil svato... | Boží influencer | 0 | |
| 3. | Která hollywoodská herečka si... | Scarlett Johansson | 1 | |
| 4. | Je možné, že si v brzké době p... | Mondeléz (Mondeléz International) | 1 | |
| 5. | „Bohužel nemám dobré zprávy. K... | Patrik Kincl | 1 | |
| 6. | Středověk bývá obvykle ohranič... | D | 0 | |
| 7. | Jak se jmenoval významný střed... | Vilém I. Dobyvatel | 1 | |
| 8. | Jak se jmenoval český kníže z... | Vratislav | 0 | |
| 9. | Vytvořte z těchto středověkých... | 1C 2B 3D 4A | 0 | |
| 10. | Závěrem tématu se podíváme na... | tulipán | 1 |